Wszystkie kraje w Ameryce Południowej od największego - Statystyki

Ogólne statystyki
  • Ten quiz został rozwiązany 80 razy
    73 od ostatniego zresetowania
  • Średni wynik to 9 z 12
Statystyki odpowiedzi
Miejsce Powierzchnia Państwo % Poprawnych
2 2 780 400 km2 Argentyna
100%
1 8 515 767 km2 Brazylia
100%
3 1 285 216 km2 Peru
92%
4 1 138 910 km2 Kolumbia
90%
7 756 102 km2 Chile
81%
6 912 050 km2 Wenezuela
80%
5 1 098 581 km2 Boliwia
78%
8 406 752 km2 Paragwaj
71%
9 283 561 km2 Ekwador
69%
10 214 969 km2 Gujana
59%
12 163 820 km2 Surinam
59%
11 176 215 km2 Urugwaj
59%
Nie znaleziono quizów pasujących do podanych kryteriów
Rozkład punktacji
Procent ludzi z każdym wynikiem
Percentyl według liczby udzielonych odpowiedzi
Twoja historia wyników
Nie rozwiązałeś tego quizu od ostatniego zresetowania